Normal view
MARC view
- DNA FINGERPRINTING-HISTORY
Entry Topical Term
001 - CONTROL NUMBER
- control field: 68037
003 - CONTROL NUMBER IDENTIFIER
- control field: NUST
005 - DATE AND TIME OF LATEST TRANSACTION
- control field: 20210628203947.0
008 - FIXED-LENGTH DATA ELEMENTS
- fixed length control field: 210628|| aca||aabn | a|a d
040 ## - CATALOGING SOURCE
- Original cataloging agency: NUST
- Transcribing agency: NUST
150 ## - HEADING--TOPICAL TERM
- Topical term or geographic name entry element: DNA FINGERPRINTING-HISTORY
670 ## - SOURCE DATA FOUND
- Source citation: Work cat.: (NUST): Lynch, Michael, Cole, Simon A, Mcnally, Ruth 68036, Truth machine, the contentious history of dna fingerprinting, 2008
